Kluby piłkarskie Bawarii - nagła śmierć - Statystyki

Ogólne statystyki
  • Ten quiz został rozwiązany 39 razy
  • Średni wynik to 5 z 10
Answers on the Grid
Answers color-coded by a green-red scale on the quiz's grid according to % correct below.
SpVgg Bayreuth
1. FC Kaiserslautern
Würzburger Kickers
SSV Ulm 1846
SC Freiburg
SpVgg Greuther Fürth
1. FC Magdeburg
1. FC Nürnberg
SSV Jahn Regensburg
FC Erzgebirge Aue
Bayern Monachium
SpVgg Unterhaching
Wuppertaler SV
VfL Wolfsburg
FC Augsburg
FC Ingolstadt 04
VfB Stuttgart
TSV 1860 Monachium
 
Statystyki odpowiedzi
Odpowiedź % Poprawnych
Bayern Monachium
92%
TSV 1860 Monachium
86%
SpVgg Bayreuth
53%
FC Augsburg
50%
1. FC Nürnberg
42%
FC Ingolstadt 04
42%
SpVgg Unterhaching
39%
SSV Jahn Regensburg
39%
SpVgg Greuther Fürth
31%
Würzburger Kickers
22%
Nie znaleziono quizów pasujących do podanych kryteriów
Rozkład punktacji
Procent ludzi z każdym wynikiem
Percentyl według liczby udzielonych odpowiedzi
Twoja historia wyników
Nie rozwiązałeś tego quizu